|
|
|
|
| LEADER |
00000naa2a2200000 4500 |
| 001 |
619389 |
| 005 |
20231101133046.0 |
| 035 |
|
|
|a (RuTPU)RU\TPU\conf\17806
|
| 035 |
|
|
|a RU\TPU\conf\17804
|
| 090 |
|
|
|a 619389
|
| 100 |
|
|
|a 20160819d2016 k y0rusy50 ca
|
| 101 |
0 |
|
|a rus
|
| 102 |
|
|
|a RU
|
| 105 |
|
|
|a y z 100zy
|
| 135 |
|
|
|a drcn ---uucaa
|
| 181 |
|
0 |
|a i
|
| 182 |
|
0 |
|a b
|
| 200 |
1 |
|
|a Инаглинское месторождение ювелирного хромдиопсида
|f С. Д. Гунько, У. С. Усольцева
|g науч. рук. Л. Г. Ананьева
|
| 203 |
|
|
|a Текст
|c электронный
|
| 225 |
1 |
|
|a Минералогия, геохимия и петрография
|
| 230 |
|
|
|a 1 компьютерный файл (pdf; 237 Kb)
|
| 300 |
|
|
|a Заглавие с экрана
|
| 320 |
|
|
|a [Библиогр.: с. 133 (6 назв.)]
|
| 461 |
|
1 |
|0 (RuTPU)RU\TPU\conf\17456
|t Проблемы геологии и освоения недр
|o труды XX Международного симпозиума имени академика М. А. Усова студентов и молодых ученых, посвященного 120-летию со дня основания Томского политехнического университета, Томск, 4-8 апреля 2016 г.
|o в 2 т.
|f Национальный исследовательский Томский политехнический университет (ТПУ), Институт природных ресурсов (ИПР) ; Общество инженеров-нефтяников, международная некоммерческая организация, Студенческий чаптер ; под ред. А. Ю. Дмитриева
|d 2016
|
| 463 |
|
1 |
|0 (RuTPU)RU\TPU\conf\17457
|t Т. 1
|v [С. 132-133]
|d 2016
|
| 610 |
1 |
|
|a труды учёных ТПУ
|
| 610 |
1 |
|
|a электронный ресурс
|
| 610 |
1 |
|
|a камнесамоцветное сырье
|
| 610 |
1 |
|
|a ювелирные камни
|
| 610 |
1 |
|
|a хромдиопсид
|
| 610 |
1 |
|
|a самоцветы
|
| 700 |
|
1 |
|a Гунько
|b С. Д.
|
| 701 |
|
1 |
|a Усольцева
|b У. С.
|
| 702 |
|
1 |
|a Ананьева
|b Л. Г.
|c российский геолог
|c доцент Томского политехнического университета, кандидат геолого-минералогических наук
|f 1967-
|g Людмила Геннадьевна
|2 stltpush
|4 727
|
| 712 |
0 |
2 |
|a Национальный исследовательский Томский политехнический университет (ТПУ)
|b Институт природных ресурсов (ИПР)
|b Кафедра геологии и разведки полезных ископаемых (ГРПИ)
|h 2181
|2 stltpush
|3 (RuTPU)RU\TPU\col\18660
|
| 801 |
|
2 |
|a RU
|b 63413507
|c 20160930
|g RCR
|
| 856 |
4 |
|
|u http://earchive.tpu.ru/handle/11683/31791
|
| 942 |
|
|
|c BK
|